000 00709nam a2200205 a 4500
005 20210219152951.0
008 991125n 000 0 u
035 _aUPN01000069623
222 _aREVISTA DE LA EDUCACION SUPERIOR
245 _aConvenio regional de convalidación de estudios, títulos y diplomas de educación superior en América Latina y el Caribe
300 _a88-97
362 _a1974 Vol. <3=03>, no. 3 jul.-sep.
653 0 _aAMERICA LATINA
653 0 _aCARIBE
653 0 _aCONVENIO REGIONAL DE CONVALIDACION DE ESTUDIOS Y DIPLOMAS DE EDUCACION SUPERIOR (1974)
653 0 _aCONVENIOS EDUCATIVOS
653 0 _aEDUCACION SUPERIOR
904 _aAC
_b007434
905 _aArticulo
999 _c65040
_d65040